000 00611nam a2200181Ia 4500
003 GCL
008 140319s9999 xx 000 0 ara d
040 _aGCL /
_cGCL
082 0 4 _a796.4
_bخ ا
100 1 _aخالد القيس
245 1 0 _aالاتجاهات العلمية فى بناء الاجسام الكمال الجسمانى /
_cخالد القيس
260 _a[S.N] :
_bدار الراتب الجامعية ،
_c1992
300 _a448 ص
490 _aعالم الرياضة
_v0
650 0 4 _aالرياضة البدنية
650 0 4 _aالتمرينات الرياضية
942 _2ddc
_cBK
999 _c54763
_d54763